Govt. of
Madhya Pradesh

Countdown To Riches (Record no. 68623)

MARC details
000 -LEADER
fixed length control field 00234nam a22001097a 4500
082 ## - DEWEY DECIMAL CLASSIFICATION NUMBER
Classification number 080/BYR
100 ## - MAIN ENTRY--AUTHOR NAME
Personal name Byrne,Rhonda
245 ## - TITLE STATEMENT
Title Countdown To Riches
260 ## - PUBLICATION, DISTRIBUTION, ETC. (IMPRINT)
Place of publication Ireland
Name of publisher Thorsons
Year of publication 2025
650 ## - SUBJECT ADDED ENTRY--TOPICAL TERM
Topical Term General
942 ## - ADDED ENTRY ELEMENTS (KOHA)
Koha item type Books
Holdings
Withdrawn status Lost status Damaged status Not for loan Home library Current library Date acquired Cost, normal purchase price Full call number Accession Number Price effective from Koha item type
        MACL MACL 21/02/2026 899.00 080/BYR DPI004160 21/02/2026 Books